00385nam a2200133Ia 4500008004100000082001500041100001900056245002100075260001800096600001500114942000700129952009800136999001700234241002s9999 xx 000 0 und d a808.84 VIR aVirgina, Woolf 0aCollected Essays aLondon:c1967 aLiterature cUC 00104070aUITUbUITUd1994-01-01l0o808.84 VIRpUC476r2024-10-02 09:31:21w2024-10-02yUC c18803d18803